Vista normal Vista MARC

Entrada Materia (personas)

Número de registros utilizados en: 1

001 - CONTROL NUMBER

  • control field: 75311

003 - CONTROL NUMBER IDENTIFIER

  • control field: Co-BoUCM

005 - DATE AND TIME OF LATEST TRANSACTION

  • control field: 20160208111443.0

008 - FIXED-LENGTH DATA ELEMENTS

  • fixed length control field: 160208|| aca||aabn | a|a d

040 ## - CATALOGING SOURCE

  • Original cataloging agency: Co-BoUCM
  • Transcribing agency: Co-BoUCM

100 ## - HEADING--PERSONAL NAME

  • Personal name: Paladino, Marcelo

670 ## - SOURCE DATA FOUND

  • Source citation: Work cat.: (Co-BoUCM)57060: Paladino, Marcelo, La responsabilidad de la empresa en la sociedad construyendo la sociedad desde la tarea directiva, 2004